[Event "Jundiai op 4th"]
[Site "Jundiai"]
[Date "2023.07.22"]
[Round "2"]
[White "Borin, Ivan"]
[Black "Gazzaneo, Jose Fernando"]
[Result "1-0"]
[WhiteElo "1619"]
[BlackElo "1800"]
[PlyCount "131"]
[EventDate "2023.07.21"]
[EventType "swiss"]
[EventRounds "5"]
[EventCountry "BRA"]
[SourceTitle "CBM 215 Extra"]
[Source "ChessBase"]
[SourceDate "2023.09.30"]
[SourceVersion "1"]
[SourceVersionDate "2023.09.30"]
[SourceQuality "1"]

1. e4 c5 2. Nf3 Nc6 3. Bb5 g6 4. Bxc6 dxc6 5. 0-0 Bg7 6. Re1 e5 7. d3 Ne7 8. Be3 b6 9. h3 0-0 10. Qd2 f5 11. Bh6 f4 12. Bxg7 Kxg7 13. Nxe5 Qd4 14. Qc3 Be6 15. Nf3 Qxc3 16. Nxc3 h6 17. Rad1 Rad8 18. d4 cxd4 19. Rxd4 c5 20. Rdd1 Nc6 21. a3 g5 22. Rxd8 Rxd8 23. Rd1 Rxd1+ 24. Nxd1 g4 25. hxg4 Bxg4 26. Nc3 Bxf3 27. gxf3 Nd4 28. Kg2 Kf6 29. Nd5+ Ke5 30. c3 Ne6 31. Kh3 h5 32. Kh4 Ng7 33. Kg5 Ne6+ 34. Kxh5 Ng7+ 35. Kg6 Ne6 36. Ne7 c4 37. Nc6+ Kd6 38. Nxa7 Nc5 39. Nb5+ Ke5 40. Nc7 Nd3 41. Kg5 Nxb2 42. Nd5 Na4 43. Kg4 b5 44. Kh3 Nc5 45. Nc7 Nd3 46. Kg2 Ne1+ 47. Kf1 Nxf3 48. Ke2 Kxe4 49. Nxb5 Ne5 50. a4 f3+ 51. Kd2 Ng4 52. a5 Nxf2 53. a6 Kf4 54. a7 Ne4+ 55. Ke1 f2+ 56. Kf1 Kg3 57. a8Q Nd2+ 58. Ke2 f1Q+ 59. Kxd2 Qf2+ 60. Kc1 Qe1+ 61. Kb2 Qd2+ 62. Ka3 Qc1+ 63. Kb4 Qb2+ 64. Kc5 Qf2+ 65. Nd4 Qf6 66. Qf3+ 1-0